| 000 | 00903nam a2200241 a 4500 | ||
|---|---|---|---|
| 001 | 47298 | ||
| 003 | BD-RjUL | ||
| 005 | 20211209054306.0 | ||
| 008 | 160808s19811976bg ||||| |||| 00| 0 ben d | ||
| 020 | _c TK.35.00 | ||
| 035 | _a(BD-RjUL)47417 | ||
| 040 |
_aBD-RjUL _bben _cBD-RjUL |
||
| 041 | _aben | ||
| 082 |
_223 _a346.07 _bISO 1981 |
||
| 100 |
_aইসলাম, মফিজুল _9143963 |
||
| 245 | 1 | 0 |
_aআধুনিক বাণিজ্যিক আইন / _cমফিজুল ইসলাম |
| 260 |
_aঢাকা : _bস্টুদেন্টস পাবলিকেশন্স, _c১৯৭৬ [মুদ্রণ ১৯৮১] |
||
| 300 |
_a[২],৫৯০[৬৫] ; _c২১ সেমি. |
||
| 500 | _aপরিশিষ্ট্য সংযুক্ত | ||
| 650 |
_a বাণিজ্যিক আইন _9143964 |
||
| 650 |
_aCommercial law _9143965 |
||
| 942 |
_2ddc _cBK |
||
| 999 |
_c47298 _d47298 |
||